Bringing the world to the classroom ... : (Record no. 6156)

MARC details
000 -LEADER
fixed length control field 00624nam a22002057a 4500
001 - CONTROL NUMBER
control field 6156
003 - CONTROL NUMBER IDENTIFIER
control field FISKH
005 - DATE AND TIME OF LATEST TRANSACTION
control field 20250320123058.0
008 - FIXED-LENGTH DATA ELEMENTS--GENERAL INFORMATION
fixed length control field 250320b cb ||||| |||| 00| 0 eng d
040 ## - CATALOGING SOURCE
Original cataloging agency FISKH
Language of cataloging eng
Transcribing agency FISKH
Modifying agency FISKH
050 ## - LIBRARY OF CONGRESS CALL NUMBER
Classification number PZ7
082 ## - DEWEY DECIMAL CLASSIFICATION NUMBER
Classification number 370
100 ## - MAIN ENTRY--PERSONAL NAME
Personal name Anonymous
245 ## - TITLE STATEMENT
Title Bringing the world to the classroom ... :
Remainder of title and the classroom to life . /
Statement of responsibility, etc. By the national geographic learning team
260 ## - PUBLICATION, DISTRIBUTION, ETC.
Place of publication, distribution, etc. Boston :
Name of publisher, distributor, etc. Cengage Learning ;
Date of publication, distribution, etc. 2017.
300 ## - PHYSICAL DESCRIPTION
Extent 119 pages :
Other physical details color illustrations ;
Dimensions 28 cm .
490 ## - SERIES STATEMENT
Series statement National Geographic Learning
942 ## - ADDED ENTRY ELEMENTS (KOHA)
Source of classification or shelving scheme Dewey Decimal Classification
Koha item type Books
Suppress in OPAC No
Holdings
Withdrawn status Lost status Source of classification or shelving scheme Damaged status Not for loan Collection Home library Current library Shelving location Date acquired Total Checkouts Full call number Barcode Date last seen Price effective from Koha item type
    Dewey Decimal Classification     Non-Fiction Footprints International School Library Network Toul Tom Poung Campus Footprints International School Library Network Toul Tom Poung Campus TTP Secondary Non-Fiction Bookshelves 03/20/2025   ANO PZ7 370 FISSE03340 03/20/2025 03/20/2025 Books